Loading...
Childhood days: a memoir /
| Other Authors: | |
|---|---|
| Format: | Printed Book |
| Published: |
New Delhi:
Penguin books India,
1998.
|
| Edition: | 1st. |
| Subjects: |
| LEADER | 00514cam a2200157ua 4500 | ||
|---|---|---|---|
| 020 | |a 0-14-025079-4 | ||
| 082 | |a 927.914 3 |b SAT/C | ||
| 245 | 0 | 0 | |a Childhood days: a memoir / |
| 250 | |a 1st. | ||
| 260 | |a New Delhi: |b Penguin books India, |c 1998. | ||
| 300 | |a xii, 173p.. | ||
| 650 | 0 | |a Biography - Persons in arts and recreation | |
| 700 | 0 | 2 | |a Satajit Ray, |
| 942 | |c BK | ||
| 999 | |c 10803 |d 10803 | ||
| 952 | |0 0 |1 0 |4 0 |6 927_914000000000000_3_SAT |7 0 |9 11269 |a KUCL |b KUCL |d 2014-05-23 |l 0 |o 927.914 3 SAT/ |p 12672 |r 2014-05-23 |w 2014-05-23 |y BK | ||